Financial analysis - an effective tool for farm management

Prehľad finančných modelov vhodných na zabezpečenie likvidity a ziskovosti farmy. Altmanov a Durantov model pomáhajú udržiavať likviditu v určitých limitoch a zlepšovať ziskovosť. Du Pontov model sa sústredí najmä na analýzu ziskovosti. Možnosti predpovedania budúcich finančných ťažkostí.

Gespeichert in:
Bibliographische Detailangaben
1. Verfasser: Lyubenova, Anelia
Format: Buchkapitel
Sprache:Englisch
Schlagworte:
Tags: Tag hinzufügen
Keine Tags, Fügen Sie das erste Tag hinzu!

MARC

LEADER 00000nla a2200000 4500
001 0228415
005 20240417075112.5
041 0 |a eng 
044 |a DE 
245 1 0 |a Financial analysis - an effective tool for farm management  |c Anelia Lyubenova 
520 |a Prehľad finančných modelov vhodných na zabezpečenie likvidity a ziskovosti farmy. Altmanov a Durantov model pomáhajú udržiavať likviditu v určitých limitoch a zlepšovať ziskovosť. Du Pontov model sa sústredí najmä na analýzu ziskovosti. Možnosti predpovedania budúcich finančných ťažkostí. 
610 2 0 |a analýza finančná 
610 2 0 |a modelovanie finančné 
610 2 0 |a farmy 
100 1 |a Lyubenova, Anelia